| 000 | 01142nam a22003017a 4500 | ||
|---|---|---|---|
| 001 | BR9000065 | ||
| 003 | BR-BrBNA | ||
| 005 | 20230928093339.0 | ||
| 007 | ta | ||
| 008 | 230509b bl.||||| |||| 00| 0 por d | ||
| 040 |
_aBR-BrBNA _bpor _cBiblioteca Nacional de Agricultura |
||
| 041 | _a(Por) | ||
| 072 |
_aL40 _b5130 |
||
| 090 | _ 5130 BR9000065 | ||
| 100 | 1 | _aSilva Neto, E.J. da | |
| 110 | 1 |
_aUniversidade de Sao Paulo, Sao Paulo (Brasil). Faculdade de Medicina Veterinaria e Zootecnia _0Tese (Mestrado) |
|
| 245 | 1 | _aNumero e distribuicao dos elementos vasculares, arteriais e venosos, no hilo renal de jumentos nordestinos (Asinus asinus, Gray 1824, ex. Fritsch 1775) | |
| 246 | 1 | _aNumber and distribution of the aterial and venous vascular elements at the renal hilus in brazilian asses (Asinus asinus, Gray 1824, ex Fritsch 1775) | |
| 260 | 3 |
_aSao Paulo, SP (Brasil): _c1989. |
|
| 300 | _a125 p. | ||
| 500 | _aSummaries (Eng, Por); 36 ref.; 60 illus.; 8 tables | ||
| 650 | _aJUMENTO | ||
| 650 | _aARTERIA | ||
| 650 | _aHILO RENAL | ||
| 650 | _aANATOMIA ANIMAL | ||
| 909 |
_a202309 _bLucia _c55 _dLucia Elande |
||
| 942 | _cBK | ||
| 999 |
_c44461 _d44461 |
||